000 00400cam a2200181 4500
001 D13096
008 090401t1948 xxu||||| |||| 00| 0 eng d
035 _a(Sirsi) u7740
041 _aeng
100 _aJameson, Alex H
245 _aAdvanced surveying
250 _a2nd
260 _aLondon
_bSir Isaac Pitman
_c1948
350 _a0
520 _aShelf 183
942 _n0
948 _c04/03/1997
999 _c86438
_d86438